[Event "BL 1920 SF Berlin - SG Solingen"]
[Site "?"]
[Date "2021.10.14"]
[Round "10.2"]
[White "Tomczak, Jacek"]
[Black "Ganguly, Surya Shekhar"]
[Result "0-1"]
[WhiteElo "2589"]
[BlackElo "2617"]
[PlyCount "108"]
[EventDate "2021.??.??"]

1. e4 e5 2. Nc3 Nf6 3. g3 d5 4. exd5 c6 5. dxc6 Nxc6 6. d3 Bg4 7. Qd2 Qd7 8.
Bg2 Nd4 9. Nd1 g6 10. f3 Be6 11. c3 Nf5 12. Nh3 Nh4 13. Ng5 Nxg2+ 14. Qxg2 Bf5
15. Ne4 Nxe4 16. dxe4 Be6 17. Qd2 Qb5 18. Ne3 Bc5 19. Nd5 O-O-O 20. Qe2 Qxe2+
21. Kxe2 Bxd5 22. exd5 Rxd5 23. Bh6 e4 24. fxe4 Re8 25. Rad1 Rde5 26. Kf3 f5
27. exf5 Rxf5+ 28. Kg4 Re4+ 29. Bf4 h5+ 30. Kf3 Re3+ 31. Kg2 Re2+ 32. Kf3 Rxb2
33. a4 Rc2 34. Rc1 Rf2+ 35. Ke4 h4 36. Rcf1 Ra2 37. Ra1 Rg2 38. Kf3 Rc2 39. Kg4
Rh5 40. Rhe1 Rxh2 41. Re8+ Kd7 42. Rg8 hxg3 43. Bxg3 Rh1 44. Ra2 Ke6 45. Rd2
Kf6 46. Rd3 Ra1 47. Rf3+ Rf5 48. Rxg6+ Kxg6 49. Rxf5 Rxa4+ 50. Rf4 b5 51. Rxa4
bxa4 52. Bf4 Ba3 53. c4 Bb2 54. c5 Kf6 0-1

[Event "BL 1920 SF Berlin - SG Solingen"]
[Site "?"]
[Date "2021.10.14"]
[Round "10.3"]
[White "Andersen, Mads"]
[Black "Moroni, Luca Jr"]
[Result "1-0"]
[WhiteElo "2572"]
[BlackElo "2575"]
[PlyCount "119"]
[EventDate "2021.??.??"]

1. Nf3 Nf6 2. c4 e6 3. g3 d5 4. d4 dxc4 5. Bg2 c5 6. O-O Nc6 7. dxc5 Qxd1 8.
Rxd1 Bxc5 9. Nbd2 c3 10. bxc3 O-O 11. Nb3 Be7 12. Nfd4 Bd7 13. Nb5 Ne5 14. Ba3
Bxa3 15. Nxa3 Rac8 16. Bxb7 Rxc3 17. Rac1 Rxc1 18. Rxc1 Rb8 19. Na5 h6 20. Rc5
Ng6 21. N3c4 Ba4 22. Nd6 Ne7 23. Rc4 Rd8 24. Rxa4 Rxd6 25. Nb3 Ned5 26. Rxa7
Nc3 27. a4 Nxe2+ 28. Kg2 Nd4 29. Nc5 Rb6 30. a5 Rb5 31. Nd3 e5 32. a6 e4 33.
Ra8+ Kh7 34. a7 Rxb7 35. Rh8+ Kxh8 36. a8=Q+ Kh7 37. Qxb7 exd3 38. Qa6 Ne6 39.
Qxd3+ Kg8 40. Kf1 g5 41. h3 Kg7 42. Ke1 Nc5 43. Qf5 Ne6 44. Kd1 Nf8 45. Kc2 Ne6
46. Kc3 Nf8 47. Kd4 Ng6 48. Kc5 Nf8 49. Kd6 Ng6 50. Qc2 Ne8+ 51. Kd7 Nf6+ 52.
Kd8 Nh7 53. Qc3+ Nf6 54. Qd4 Nf8 55. Ke7 Ng6+ 56. Kd6 Nf8 57. f4 Kg6 58. f5+
Kg7 59. Ke7 N8h7 60. Qc3 1-0

[Event "BL 1920 SF Berlin - SG Solingen"]
[Site "?"]
[Date "2021.10.14"]
[Round "10.4"]
[White "Gumularz, Szymon"]
[Black "Predojevic, Borki"]
[Result "1/2-1/2"]
[WhiteElo "2534"]
[BlackElo "2577"]
[PlyCount "54"]
[EventDate "2021.??.??"]

1. d4 d6 2. Nf3 Nf6 3. c4 g6 4. g3 Bg7 5. Bg2 O-O 6. Nc3 c6 7. e4 Bg4 8. Be3 e5
9. d5 cxd5 10. cxd5 Na6 11. h3 Bd7 12. O-O Qb8 13. a4 Rc8 14. Ne1 Nb4 15. a5 b5
16. Qd2 Na6 17. Nd3 Nc5 18. Nxc5 dxc5 19. Ne2 a6 20. Bh6 Qd6 21. Bxg7 Kxg7 22.
f4 Re8 23. f5 gxf5 24. exf5 e4 25. Qg5+ Kh8 26. g4 Nxd5 27. Rad1 Qe5 1/2-1/2

[Event "BL 1920 SF Berlin - SG Solingen"]
[Site "?"]
[Date "2021.10.14"]
[Round "10.5"]
[White "Smeets, Jan"]
[Black "Baldauf, Marco"]
[Result "0-1"]
[WhiteElo "2568"]
[BlackElo "2511"]
[PlyCount "54"]
[EventDate "2021.??.??"]

1. e4 c6 2. Nf3 d5 3. Nc3 dxe4 4. Nxe4 Nf6 5. Qe2 Nxe4 6. Qxe4 Qa5 7. b4 Qf5 8.
Qe3 Qe6 9. d4 Qxe3+ 10. Bxe3 Bf5 11. Kd2 Nd7 12. c3 h6 13. Bd3 Bxd3 14. Kxd3 e6
15. a4 O-O-O 16. Kc2 Bd6 17. Nd2 Nb6 18. f3 Rhe8 19. g3 e5 20. Rhe1 Kb8 21. a5
Nd5 22. Nc4 exd4 23. Bxd4 Rxe1 24. Rxe1 Bf8 25. Kb3 Nc7 26. Ne5 f6 27. Nd7+
Rxd7 0-1

[Event "BL 1920 SF Berlin - SG Solingen"]
[Site "?"]
[Date "2021.10.14"]
[Round "10.7"]
[White "Handke, Florian"]
[Black "Jakubowski, Krzysztof"]
[Result "1/2-1/2"]
[WhiteElo "2540"]
[BlackElo "2459"]
[PlyCount "77"]
[EventDate "2021.??.??"]

1. e4 c5 2. Nf3 d6 3. c3 Nf6 4. Bd3 g6 5. O-O Bg7 6. Bb5+ Nc6 7. d4 cxd4 8.
cxd4 O-O 9. Nc3 Bg4 10. Be3 Rc8 11. h3 Bxf3 12. Qxf3 a6 13. Ba4 b5 14. Bb3 Nd7
15. Rfd1 Na5 16. Bg5 h6 17. Bh4 Nb6 18. e5 dxe5 19. dxe5 Qe8 20. Qe2 Nac4 21.
f4 Qc6 22. Bxc4 Qxc4 23. Qxc4 Rxc4 24. Bxe7 Re8 25. Bd8 Na4 26. Nd5 Nxb2 27.
Nc7 Rxc7 28. Bxc7 Nxd1 29. Rxd1 Bf8 30. Kf2 Re6 31. Rd8 Kg7 32. Ra8 Be7 33. Kf3
Rc6 34. Ra7 Rc3+ 35. Ke4 Rc4+ 36. Kd5 Rc5+ 37. Ke4 Rc4+ 38. Kd5 Rc5+ 39. Ke4
1/2-1/2

[Event "BL 1920 SF Berlin - SG Solingen"]
[Site "?"]
[Date "2021.10.14"]
[Round "10.8"]
[White "Schmidek, Emil"]
[Black "Wegerle, Joerg"]
[Result "1/2-1/2"]
[WhiteElo "2385"]
[BlackElo "2404"]
[PlyCount "58"]
[EventDate "2021.??.??"]

1. d4 d5 2. c4 c6 3. Nc3 Nf6 4. Nf3 g6 5. e3 Bg7 6. Be2 O-O 7. O-O b6 8. Bd2
Bb7 9. Rc1 e6 10. Qc2 Nbd7 11. Rfd1 Qe7 12. e4 dxe4 13. Nxe4 c5 14. Nxf6+ Bxf6
15. Be3 Rad8 16. b3 Bxf3 17. Bxf3 cxd4 18. Bxd4 Bxd4 19. Rxd4 Ne5 20. Rxd8
Nxf3+ 21. gxf3 Qg5+ 22. Kh1 Rxd8 23. Rd1 Rxd1+ 24. Qxd1 h5 25. Qd3 h4 26. h3
Qc1+ 27. Kg2 Qg5+ 28. Kh1 Qc1+ 29. Kg2 Qg5+ 1/2-1/2

[Event "BL 1920 Aachener SV - SG Solingen"]
[Site "?"]
[Date "2021.10.15"]
[Round "11.1"]
[White "Ragger, Markus"]
[Black "Seel, Christian"]
[Result "1/2-1/2"]
[WhiteElo "2664"]
[BlackElo "2482"]
[PlyCount "57"]
[EventDate "2021.??.??"]

1. e4 e5 2. Nf3 d6 3. d4 exd4 4. Nxd4 Nf6 5. Nc3 Be7 6. Bf4 O-O 7. Qd2 Nc6 8.
O-O-O Nxd4 9. Qxd4 a6 10. e5 dxe5 11. Qxe5 Bd6 12. Qd4 Bxf4+ 13. Qxf4 Qe7 14.
Bc4 Be6 15. Rhe1 Rad8 16. Bxe6 fxe6 17. Qc4 Rxd1+ 18. Nxd1 Kf7 19. Ne3 Rd8 20.
Qe2 b5 21. Nf5 Qd7 22. Nh4 Qd5 23. Nf3 Qxa2 24. Qxe6+ Qxe6 25. Ng5+ Kg8 26.
Rxe6 h6 27. Nh3 Rd6 28. Re7 Nd5 29. Re4 1/2-1/2

[Event "BL 1920 Aachener SV - SG Solingen"]
[Site "?"]
[Date "2021.10.15"]
[Round "11.2"]
[White "Koch, Thomas"]
[Black "Ganguly, Surya Shekhar"]
[Result "1/2-1/2"]
[WhiteElo "2450"]
[BlackElo "2617"]
[PlyCount "91"]
[EventDate "2021.??.??"]

1. d4 Nf6 2. c4 g6 3. Nc3 Bg7 4. e4 d6 5. f3 O-O 6. Be3 c5 7. Nge2 Nc6 8. d5
Ne5 9. Ng3 e6 10. Be2 exd5 11. cxd5 a6 12. a4 Bd7 13. O-O b5 14. h3 Nc4 15.
Bxc4 bxc4 16. Qe2 Rb8 17. Qxc4 Qa5 18. Ra2 Rb4 19. Qe2 Rfb8 20. Qc2 Ne8 21. Bd2
Qb6 22. Rb1 Rb3 23. Kh1 Qd8 24. Nf1 Be5 25. f4 Bd4 26. Ne2 Qh4 27. Nxd4 cxd4
28. Ra3 Rxa3 29. bxa3 Bxa4 30. Qd3 Rxb1 31. Qxb1 Nf6 32. Kg1 Bb5 33. Nh2 Qg3
34. Nf3 h6 35. Qc1 Nh5 36. e5 dxe5 37. fxe5 Bd7 38. Be1 Qf4 39. Qxf4 Nxf4 40.
d6 Ne6 41. Bf2 d3 42. Be3 g5 43. h4 Kg7 44. hxg5 hxg5 45. Nxg5 Nxg5 46. Bxg5
1/2-1/2

[Event "BL 1920 Aachener SV - SG Solingen"]
[Site "?"]
[Date "2021.10.15"]
[Round "11.3"]
[White "Andersen, Mads"]
[Black "Piceu, Tom"]
[Result "1/2-1/2"]
[WhiteElo "2572"]
[BlackElo "2345"]
[PlyCount "80"]
[EventDate "2021.??.??"]

1. Nf3 Nf6 2. g3 g6 3. b3 d5 4. Bb2 Bg7 5. c4 O-O 6. Bg2 c6 7. O-O Nbd7 8. d4
dxc4 9. bxc4 e5 10. e3 exd4 11. exd4 Nb6 12. Nbd2 Bf5 13. Re1 Qc7 14. a4 Rfe8
15. Qb3 Rxe1+ 16. Rxe1 Re8 17. Rxe8+ Nxe8 18. Bc3 c5 19. a5 Nd7 20. d5 b6 21.
Bxg7 Kxg7 22. h3 h5 23. Qc3+ Kg8 24. Qe3 Ndf6 25. Ne5 Nd6 26. Nc6 Qd7 27. Qe5
Nfe8 28. Kh2 f6 29. Qe3 Kh8 30. Qc3 Nf7 31. Qb2 Qc7 32. Nf1 Ned6 33. Ne3 Bd7
34. Kg1 bxa5 35. Qa3 Qb6 36. Nxa5 Ne5 37. Qa1 Qa6 38. Qc3 Qb6 39. Qa1 Qa6 40.
Qc3 Qb6 1/2-1/2

[Event "BL 1920 Aachener SV - SG Solingen"]
[Site "?"]
[Date "2021.10.15"]
[Round "11.4"]
[White "Sonntag, Hans-Hubert"]
[Black "Predojevic, Borki"]
[Result "0-1"]
[WhiteElo "2331"]
[BlackElo "2577"]
[PlyCount "98"]
[EventDate "2021.??.??"]

1. d4 Nf6 2. Nf3 d5 3. e3 Bf5 4. c4 e6 5. Nc3 c6 6. Bd3 Bxd3 7. Qxd3 Nbd7 8.
O-O Bb4 9. Bd2 Be7 10. Rad1 O-O 11. e4 dxe4 12. Nxe4 Re8 13. Bc3 Qc7 14. Rfe1
Rad8 15. Qc2 b5 16. b3 Qb7 17. Ne5 Nxe4 18. Qxe4 Nxe5 19. dxe5 bxc4 20. bxc4
Qa6 21. h3 Qa4 22. Rd2 h5 23. Ree2 Rxd2 24. Rxd2 Rd8 25. Rxd8+ Bxd8 26. Qe2 Bb6
27. g3 g6 28. Kg2 Bc5 29. f4 Bb6 30. Be1 Kg7 31. Bf2 Bxf2 32. Kxf2 Qa3 33. Kg2
Qc3 34. h4 a5 35. Kf2 a4 36. Kg2 a3 37. Kf2 Kf8 38. Kg2 Kg8 39. Kf2 Kg7 40. Kg2
Qd4 41. Kf3 Qg1 42. Qf2 Qb1 43. Ke3 Qc1+ 44. Kd3 c5 45. f5 Qb1+ 46. Kc3 Qb4+
47. Kd3 exf5 48. Qd2 Qxd2+ 49. Kxd2 f6 0-1

[Event "BL 1920 Aachener SV - SG Solingen"]
[Site "?"]
[Date "2021.10.15"]
[Round "11.5"]
[White "Smeets, Jan"]
[Black "Meessen, Rudolf"]
[Result "1/2-1/2"]
[WhiteElo "2568"]
[BlackElo "2228"]
[PlyCount "133"]
[EventDate "2021.??.??"]

1. e4 e5 2. Nf3 d6 3. d4 exd4 4. Nxd4 Nf6 5. Nc3 Be7 6. g3 O-O 7. Bg2 Re8 8.
O-O Bf8 9. h3 Nbd7 10. Re1 Nc5 11. b3 a5 12. Bf4 h6 13. g4 a4 14. b4 Ncd7 15.
Bg3 c6 16. Rb1 g6 17. f4 Nb6 18. Bf3 Bg7 19. Kg2 a3 20. Qd3 h5 21. gxh5 Nxh5
22. Bxh5 gxh5 23. Rbd1 h4 24. Bf2 Qf6 25. Nde2 Na4 26. Bd4 Nb2 27. Qd2 Qh6 28.
Rb1 Kh7 29. Kh2 Be5 30. Rg1 f6 31. Qe3 Nc4 32. Qf2 Bxd4 33. Qxd4 Be6 34. b5 c5
35. Qd3 Rad8 36. Rbe1 Nb2 37. Qf3 Nc4 38. Qd3 Nb2 39. Qf3 Nc4 40. Nd5 Bxd5 41.
exd5 f5 42. Qd3 Re4 43. Rg5 Ne5 44. Qc3 Rxf4 45. Nxf4 Qxg5 46. Ne6 Qf6 47. Qxa3
Rg8 48. Rg1 Rxg1 49. Kxg1 f4 50. Qc1 Ng6 51. Qd1 Qe5 52. Kf1 Kh6 53. a4 Qe4 54.
Qd3 Qh1+ 55. Kf2 Qh2+ 56. Kf1 Qh1+ 57. Kf2 Qh2+ 58. Kf1 Ne5 59. Qf5 Qh1+ 60.
Kf2 Qf3+ 61. Ke1 Qc3+ 62. Kf1 Qf3+ 63. Ke1 Qg3+ 64. Kf1 Ng6 65. a5 f3 66. Qg5+
Qxg5 67. Nxg5 1/2-1/2

[Event "BL 1920 Aachener SV - SG Solingen"]
[Site "?"]
[Date "2021.10.15"]
[Round "11.6"]
[White "Coenen, Norbert"]
[Black "Naumann, Alexander"]
[Result "0-1"]
[WhiteElo "2284"]
[BlackElo "2533"]
[PlyCount "46"]
[EventDate "2021.??.??"]

1. e4 c5 2. Nf3 d6 3. Bb5+ Nd7 4. a4 Ngf6 5. Nc3 g6 6. d4 cxd4 7. Qxd4 Bg7 8.
Bg5 O-O 9. Qe3 a6 10. Bxd7 Bxd7 11. a5 Rc8 12. Nd4 Rc4 13. Nb3 Ng4 14. Qd3 Bb5
15. Nxb5 axb5 16. c3 Qd7 17. f3 Ne5 18. Qd2 b4 19. Nd4 bxc3 20. bxc3 Rfc8 21.
Ne2 Rxc3 22. O-O Rc2 23. Qd1 Nxf3+ 0-1

[Event "BL 1920 Aachener SV - SG Solingen"]
[Site "?"]
[Date "2021.10.15"]
[Round "11.7"]
[White "Schaefer, Markus"]
[Black "Begnis, Nikolaos"]
[Result "1/2-1/2"]
[WhiteElo "2375"]
[BlackElo "2281"]
[PlyCount "45"]
[EventDate "2021.??.??"]

1. e4 c5 2. Nf3 d6 3. Nc3 Nc6 4. d4 cxd4 5. Nxd4 Nf6 6. Be2 g6 7. Be3 Bg7 8.
Nb3 O-O 9. f4 Be6 10. O-O Qc8 11. h3 Rd8 12. Nd4 Nxd4 13. Bxd4 d5 14. e5 Ne4
15. Nxe4 dxe4 16. c3 f6 17. Qe1 Qc7 18. Qg3 f5 19. Qe3 Bc4 20. Rfd1 Bxe2 21.
Qxe2 Qc6 22. Qe3 b6 23. a4 1/2-1/2

[Event "BL 1920 Aachener SV - SG Solingen"]
[Site "?"]
[Date "2021.10.15"]
[Round "11.8"]
[White "Lamby, Philipp"]
[Black "Kniest, Oliver"]
[Result "1/2-1/2"]
[WhiteElo "2171"]
[BlackElo "2282"]
[PlyCount "46"]
[EventDate "2021.??.??"]

1. d4 d5 2. c4 e6 3. Nc3 c6 4. e3 Nf6 5. Nf3 Nbd7 6. b3 Bb4 7. Bd2 O-O 8. Bd3
Qe7 9. O-O e5 10. dxe5 Nxe5 11. Nxe5 Qxe5 12. Nxd5 Nxd5 13. cxd5 Bxd2 14. Qxd2
Qxd5 15. Rad1 Qc5 16. Rc1 Qe7 17. Rfd1 Be6 18. Qc2 h6 19. Bc4 Rfd8 20. Qe4
Rxd1+ 21. Rxd1 Rd8 22. Rxd8+ Qxd8 23. h3 Bxc4 1/2-1/2

[Event "BL 1920 SC Viernheim - SV Mülheim Nord"]
[Site "?"]
[Date "2021.10.15"]
[Round "11.1"]
[White "Navara, David"]
[Black "Mamedyarov, Shakhriyar"]
[Result "1/2-1/2"]
[WhiteElo "2691"]
[BlackElo "2765"]
[PlyCount "53"]
[EventDate "2021.??.??"]

1. d4 Nf6 2. c4 e6 3. Nf3 d5 4. Nc3 a6 5. cxd5 exd5 6. Bg5 Be6 7. e3 Nbd7 8. h3
c6 9. Bd3 Bd6 10. Bf4 Qc7 11. Qd2 h6 12. b4 Bxf4 13. exf4 Nb6 14. f5 Ne4 15.
Nxe4 dxe4 16. fxe6 exf3 17. exf7+ Qxf7 18. Qe3+ Qe7 19. gxf3 Nd5 20. Qxe7+ Kxe7
21. Kd2 Kf6 22. a3 Rhd8 23. Rag1 Nf4 24. Ke3 Nd5+ 25. Kd2 Nf4 26. Ke3 Nd5+ 27.
Ke4 1/2-1/2

[Event "BL 1920 SC Viernheim - SV Mülheim Nord"]
[Site "?"]
[Date "2021.10.15"]
[Round "11.2"]
[White "Malakhov, Vladimir"]
[Black "Nguyen, Thai Dai Van"]
[Result "1/2-1/2"]
[WhiteElo "2658"]
[BlackElo "2577"]
[PlyCount "149"]
[EventDate "2021.??.??"]

1. Nf3 d5 2. g3 Nf6 3. Bg2 e6 4. O-O Be7 5. d4 O-O 6. c4 dxc4 7. Qc2 a6 8. a4
Bd7 9. Qxc4 Bc6 10. Bf4 Bd6 11. Nc3 Bxf4 12. gxf4 a5 13. e3 Na6 14. Ne5 Bxg2
15. Kxg2 Nb4 16. Rg1 Ne8 17. Kh1 Nd6 18. Qe2 f6 19. Nf3 Rc8 20. Rg2 Rf7 21.
Rag1 Qd7 22. e4 Ne8 23. Rd1 c6 24. Nh4 f5 25. Nf3 Rf6 26. Rdg1 fxe4 27. Nxe4
Rxf4 28. Nc5 Qd5 29. Ng5 e5 30. Nge6 Rf6 31. Qxe5 Qxe5 32. dxe5 Rf7 33. f4 g6
34. h4 b6 35. h5 Rf5 36. Ne4 Rxh5+ 37. Rh2 Rxh2+ 38. Kxh2 Kf7 39. N6g5+ Ke7 40.
Nxh7 Nd5 41. Kg3 Ng7 42. Nhf6 Ne6 43. Nxd5+ cxd5 44. Nf6 d4 45. Kf3 d3 46. Rxg6
Rd8 47. Rg1 d2 48. Rd1 Rd3+ 49. Kf2 Nxf4 50. Ne4 Ke6 51. Nxd2 Kxe5 52. Ke1 Re3+
53. Kf2 Rd3 54. Ke1 Kd5 55. b3 Ng2+ 56. Ke2 Nf4+ 57. Ke1 Kd4 58. Nc4 Nd5 59.
Rxd3+ Kxd3 60. Kd1 Kc3 61. Nd2 Kb2 62. Ke2 Kc2 63. Ke1 Kd3 64. Kd1 Ne3+ 65. Ke1
Kc2 66. Ke2 Nd5 67. Ke1 Ne7 68. Nc4 Nc8 69. Nd2 Nd6 70. Ke2 Kc3 71. Kd1 Nc8 72.
Ke2 Ne7 73. Nc4 Nd5 74. Nd2 Kc2 75. Ke1 1/2-1/2

[Event "BL 1920 SC Viernheim - SV Mülheim Nord"]
[Site "?"]
[Date "2021.10.15"]
[Round "11.3"]
[White "Feygin, Michael"]
[Black "Amin, Bassem"]
[Result "1/2-1/2"]
[WhiteElo "2455"]
[BlackElo "2681"]
[PlyCount "76"]
[EventDate "2021.??.??"]

1. e4 e5 2. Nf3 Nc6 3. Bb5 a6 4. Ba4 Nf6 5. O-O Be7 6. Re1 b5 7. Bb3 O-O 8. c3
d6 9. h3 Na5 10. Bc2 c5 11. d4 Qc7 12. d5 Bd7 13. Nbd2 c4 14. Nf1 Nb7 15. Ng3
a5 16. Nh2 Nc5 17. Ng4 Nxg4 18. hxg4 g6 19. Nf1 Qc8 20. Ne3 Bg5 21. f3 Bh4 22.
Re2 Qd8 23. Kh2 Bg5 24. g3 Kg7 25. Kh1 Qf6 26. Rh2 Rh8 27. Qe2 h5 28. gxh5 Rxh5
29. Rxh5 gxh5 30. Ng2 Bxc1 31. Rxc1 Rg8 32. Rg1 Kf8 33. Kh2 Bc8 34. Qe3 b4 35.
b3 cxb3 36. cxb4 axb4 37. Bxb3 Ke8 38. Nh4 Bd7 1/2-1/2

[Event "BL 1920 SC Viernheim - SV Mülheim Nord"]
[Site "?"]
[Date "2021.10.15"]
[Round "11.4"]
[White "Kovalenko, Igor"]
[Black "Buckels, Valentin"]
[Result "1-0"]
[WhiteElo "2647"]
[BlackElo "2457"]
[PlyCount "77"]
[EventDate "2021.??.??"]

1. d4 Nf6 2. Nf3 d5 3. c4 e6 4. Nc3 Be7 5. Bg5 h6 6. Bh4 O-O 7. e3 Ne4 8. Bxe7
Qxe7 9. cxd5 Nxc3 10. bxc3 exd5 11. Bd3 c5 12. O-O Nc6 13. Rb1 Rd8 14. h3 Be6
15. Re1 Rac8 16. Rb5 b6 17. Bb1 g6 18. Nh2 Na5 19. Rb2 Nc4 20. Rbe2 Qg5 21. f4
Qh4 22. Rf1 Nd6 23. Nf3 Qg3 24. Ne5 Ne4 25. Rf3 Qh4 26. Qb3 cxd4 27. exd4 Nd2
28. Rxd2 Qe1+ 29. Kh2 Qxd2 30. h4 Kh8 31. Bxg6 fxg6 32. Qb1 Rg8 33. Nxg6+ Kg7
34. f5 Rxc3 35. f6+ Kf7 36. Ne5+ Ke8 37. f7+ Kd8 38. fxg8=Q+ Bxg8 39. Qf5 1-0

[Event "BL 1920 SC Viernheim - SV Mülheim Nord"]
[Site "?"]
[Date "2021.10.15"]
[Round "11.5"]
[White "Saltaev, Mihail"]
[Black "Fedorchuk, Sergey A"]
[Result "1/2-1/2"]
[WhiteElo "2473"]
[BlackElo "2606"]
[PlyCount "62"]
[EventDate "2021.??.??"]

1. e4 c5 2. Nf3 e6 3. d4 cxd4 4. Nxd4 a6 5. Nc3 Qc7 6. Bd3 d6 7. f4 b5 8. Qf3
Bb7 9. Be3 Nd7 10. a3 Nc5 11. g4 Ne7 12. f5 e5 13. Nb3 Nc8 14. g5 Rb8 15. O-O-O
Nxb3+ 16. cxb3 d5 17. exd5 b4 18. axb4 Bxb4 19. Kb1 Bxc3 20. Rc1 Qd7 21. Rxc3
Bxd5 22. Be4 Ne7 23. f6 Qb7 24. Rc4 Qxb3 25. Rc2 gxf6 26. gxf6 Qa2+ 27. Kc1
Qa1+ 28. Kd2 Qa5+ 29. Kc1 Qa1+ 30. Kd2 Qa5+ 31. Kc1 Qa1+ 1/2-1/2

[Event "BL 1920 SC Viernheim - SV Mülheim Nord"]
[Site "?"]
[Date "2021.10.15"]
[Round "11.6"]
[White "Abergel, Thal"]
[Black "Zelbel, Patrick"]
[Result "1/2-1/2"]
[WhiteElo "2392"]
[BlackElo "2453"]
[PlyCount "81"]
[EventDate "2021.??.??"]

1. d4 Nf6 2. Nf3 g6 3. Nc3 d5 4. Bf4 Bg7 5. Nb5 Na6 6. e3 c6 7. Nc3 Nc7 8. Be2
O-O 9. Be5 Nce8 10. Nd2 Nd6 11. O-O b6 12. Re1 Re8 13. Bf3 Be6 14. e4 dxe4 15.
Ncxe4 Ndxe4 16. Nxe4 Bd5 17. Nd2 b5 18. c3 Bxf3 19. Nxf3 Qd5 20. Qc2 c5 21.
dxc5 Qxc5 22. Bd4 Qc7 23. Qb3 a6 24. a4 Qb7 25. axb5 axb5 26. Rxa8 Rxa8 27. c4
b4 28. h3 e6 29. Qe3 Qc7 30. b3 Nd7 31. Bxg7 Kxg7 32. Nd4 e5 33. Nb5 Qc5 34.
Qe2 Ra6 35. Qb2 h5 36. Re2 Re6 37. Qd2 Nf6 38. Qg5 Nh7 39. Qd8 Nf6 40. Nc7 Rd6
41. Ne8+ 1/2-1/2

[Event "BL 1920 SC Viernheim - SV Mülheim Nord"]
[Site "?"]
[Date "2021.10.15"]
[Round "11.7"]
[White "Hoenig, Alexander"]
[Black "Zaragatski, Ilja"]
[Result "1/2-1/2"]
[WhiteElo "2203"]
[BlackElo "2522"]
[PlyCount "80"]
[EventDate "2021.??.??"]

1. d4 Nf6 2. Nf3 c5 3. c3 d5 4. Bf4 Nc6 5. dxc5 e6 6. Nbd2 Bxc5 7. e3 O-O 8.
Be2 Qe7 9. b4 Bb6 10. b5 Na5 11. O-O Ne4 12. Nxe4 dxe4 13. Bd6 Qf6 14. Nd2 Rd8
15. Bb4 e5 16. Qc2 Qg6 17. Rfd1 Bh3 18. g3 a6 19. Qa4 Bd7 20. Bxa5 axb5 21.
Qxe4 Bxa5 22. Qxg6 hxg6 23. Rac1 Bc6 24. Nb3 Rxd1+ 25. Bxd1 Bc7 26. Rc2 Kf8 27.
Rd2 Ke7 28. h4 Bd6 29. f4 b4 30. c4 Bc7 31. Kf2 exf4 32. exf4 Bb6+ 33. c5 Ba7
34. Bf3 Rc8 35. Rd4 Bxf3 36. Kxf3 Bxc5 37. Nxc5 Rxc5 38. Rxb4 b5 39. a4 bxa4
40. Rxa4 Rc3+ 1/2-1/2

[Event "BL 1920 SC Viernheim - SV Mülheim Nord"]
[Site "?"]
[Date "2021.10.15"]
[Round "11.8"]
[White "Heinemann, Josefine"]
[Black "Baltic, Fatih"]
[Result "1-0"]
[WhiteElo "2326"]
[BlackElo "2288"]
[PlyCount "163"]
[EventDate "2021.??.??"]

1. e4 e5 2. Nf3 Nc6 3. Bb5 a6 4. Ba4 d6 5. O-O Bd7 6. c3 g6 7. d4 Bg7 8. h3 Nf6
9. Re1 O-O 10. Bc2 exd4 11. cxd4 Nb4 12. Bb3 Bb5 13. a4 Bc6 14. Nc3 d5 15. e5
Ne4 16. a5 h6 17. Be3 Bb5 18. Nxb5 axb5 19. Nh2 Nc6 20. f3 Ng3 21. Qd2 Nf5 22.
Bf2 b4 23. Bc2 Nxa5 24. Bxf5 gxf5 25. Qxb4 b6 26. Rac1 Re8 27. Qc3 Rc8 28. f4
Kh8 29. Nf1 c5 30. Ng3 cxd4 31. Qxc8 Qxc8 32. Rxc8 Rxc8 33. Bxd4 Nb3 34. Bxb6
Rc4 35. Nh5 Rc2 36. Rd1 Nd2 37. Bd4 Ne4 38. b4 Bf8 39. b5 Bc5 40. Bxc5 Rxc5 41.
b6 Rb5 42. Kh2 Rxb6 43. Rxd5 Rb3 44. Rd7 Kg8 45. Ra7 Rb6 46. Ng3 Nxg3 47. Kxg3
Rg6+ 48. Kf3 h5 49. g3 Rb6 50. Ra3 Kg7 51. Rd3 Ra6 52. Ke3 Ra4 53. h4 Re4+ 54.
Kf3 f6 55. Rd7+ Kg8 56. exf6 Re6 57. Rg7+ Kf8 58. Rg5 Rxf6 59. Rxh5 Kg7 60.
Rg5+ Kh6 61. Ke3 Re6+ 62. Kd4 Re4+ 63. Kd3 Ra4 64. Ke3 Ra3+ 65. Kf2 Ra5 66. Kg2
Kh7 67. Kh3 Rb5 68. h5 Kh6 69. Kh4 Kh7 70. g4 Rb4 71. Rxf5 Kh6 72. Rf6+ Kg7 73.
g5 Ra4 74. h6+ Kg8 75. Kh5 Ra7 76. Rb6 Ra8 77. Kg6 Kh8 78. f5 Rg8+ 79. Kh5 Rf8
80. g6 Ra8 81. Rf6 Kg8 82. h7+ 1-0

[Event "BL 1920 USV TU Dresden - SV Hockenheim"]
[Site "?"]
[Date "2021.10.15"]
[Round "11.1"]
[White "Inarkiev, Ernesto"]
[Black "Gajewski, Grzegorz"]
[Result "1-0"]
[WhiteElo "2668"]
[BlackElo "2608"]
[PlyCount "77"]
[EventDate "2021.??.??"]

1. e4 c6 2. d4 d5 3. exd5 cxd5 4. Bd3 Nc6 5. c3 e6 6. Bf4 Bd6 7. Bxd6 Qxd6 8.
Nf3 Nge7 9. O-O O-O 10. Qc2 h6 11. Re1 Bd7 12. Qe2 Rae8 13. Nbd2 f6 14. Rad1
Qc7 15. Bc2 e5 16. dxe5 fxe5 17. Nxe5 Nc8 18. Ndf3 Nb6 19. Bb3 Bg4 20. Rxd5
Nxd5 21. Bxd5+ Kh7 22. Qc4 Bf5 23. g4 Bc2 24. Qe2 Nxe5 25. Nxe5 Bb1 26. c4 g5
27. h4 Rf4 28. b3 Qb6 29. Qb2 Rxg4+ 30. Kf1 Bf5 31. Nxg4 Bd3+ 32. Kg2 Rxe1 33.
Qc3 Bf1+ 34. Kg1 Bxc4+ 35. Qxe1 Bxd5 36. Qe7+ Kg6 37. h5+ Kxh5 38. Nf6+ Kh4 39.
Qe5 1-0

[Event "BL 1920 USV TU Dresden - SV Hockenheim"]
[Site "?"]
[Date "2021.10.15"]
[Round "11.2"]
[White "Bartel, Mateusz"]
[Black "Ponomariov, Ruslan"]
[Result "1-0"]
[WhiteElo "2597"]
[BlackElo "2631"]
[PlyCount "75"]
[EventDate "2021.??.??"]

1. e4 e5 2. Nf3 Nc6 3. Bb5 a6 4. Ba4 Nf6 5. O-O Be7 6. d3 b5 7. Bb3 O-O 8. h3
d6 9. c3 Na5 10. Bc2 c5 11. d4 Qc7 12. d5 Bd7 13. b3 Nb7 14. Be3 g6 15. Nfd2
Nh5 16. a4 Rab8 17. Na3 Nd8 18. axb5 axb5 19. c4 b4 20. Nb5 Qb6 21. Ra4 Nb7 22.
Bh6 Rfe8 23. Qa1 Nf4 24. Re1 Qd8 25. Nf3 Bf8 26. Bg5 Be7 27. Bxf4 exf4 28. Qc1
Bf6 29. Qxf4 Bxb5 30. cxb5 Bc3 31. Re3 Na5 32. e5 dxe5 33. Nxe5 Bxe5 34. Rxe5
Rxe5 35. Qxe5 Rxb5 36. d6 Nb7 37. d7 Kf8 38. Ra8 1-0

[Event "BL 1920 USV TU Dresden - SV Hockenheim"]
[Site "?"]
[Date "2021.10.15"]
[Round "11.3"]
[White "Saric, Ivan"]
[Black "Vogel, Roven"]
[Result "1-0"]
[WhiteElo "2644"]
[BlackElo "2453"]
[PlyCount "92"]
[EventDate "2021.??.??"]

1. e4 c6 2. d4 d5 3. e5 Bf5 4. Nf3 e6 5. Be2 Nd7 6. O-O a5 7. a4 f6 8. c4 Ne7
9. exf6 Nxf6 10. Nc3 Ng6 11. Bd3 Bb4 12. Bxf5 exf5 13. cxd5 Bxc3 14. bxc3 Qxd5
15. Qe2+ Ne4 16. c4 Qe6 17. d5 cxd5 18. cxd5 Qa6 19. Qxa6 bxa6 20. Nd4 O-O 21.
Ba3 Rf6 22. f3 Nc3 23. d6 Nxa4 24. Rfc1 Ne5 25. Rab1 f4 26. Nc6 Nd7 27. Ne7+
Kf8 28. Rc7 Nab6 29. Rxb6 Nxb6 30. Nd5 Nxd5 31. d7+ Kf7 32. d8=Q+ Nxc7 33.
Qxc7+ Kg8 34. Bd6 Rxd6 35. Qxd6 Rf8 36. Qe6+ Kh8 37. Qxa6 h6 38. Qxa5 Kh7 39.
h4 g6 40. Qc7+ Kg8 41. Kf2 h5 42. Ke2 Rf7 43. Qd6 Kg7 44. Kd3 Rf5 45. Ke4 Rf7
46. Qd4+ Kh7 1-0

[Event "BL 1920 USV TU Dresden - SV Hockenheim"]
[Site "?"]
[Date "2021.10.15"]
[Round "11.4"]
[White "Maiwald, Jens-Uwe"]
[Black "Braun, Arik"]
[Result "1/2-1/2"]
[WhiteElo "2437"]
[BlackElo "2589"]
[PlyCount "123"]
[EventDate "2021.??.??"]

1. Nf3 d5 2. g3 Nd7 3. d4 Nb6 4. a4 c6 5. Bg2 Bf5 6. Nh4 Bg4 7. h3 Bh5 8. g4 e6
9. Nf3 Bg6 10. Ne5 Bd6 11. Nxg6 hxg6 12. a5 Nd7 13. a6 b5 14. e4 dxe4 15. Bxe4
Rc8 16. Qf3 Qc7 17. Be3 Ne7 18. Nc3 Nb6 19. Bd3 Bb4 20. Kf1 Bxc3 21. bxc3 Ned5
22. Bd2 Nc4 23. Bxc4 bxc4 24. Qe2 Nb6 25. Qf3 Rd8 26. Bf4 Qc8 27. Kg2 Rd5 28.
Rhe1 O-O 29. Re5 Rfd8 30. Ree1 Rb5 31. Bg3 Rb2 32. Re2 Rd5 33. h4 Qd7 34. Qf4
Rdb5 35. Qb8+ Nc8 36. Qc7 Qxc7 37. Bxc7 Kf8 38. Ra4 Ke8 39. Rxc4 Kd7 40. Bg3
Ra2 41. d5 Rxd5 42. Rf4 Ke8 43. c4 Rd7 44. c5 Ra5 45. Rb4 Rxc5 46. Rb8 Kd8 47.
c4 f6 48. Rxe6 Rxc4 49. g5 f5 50. Rxg6 f4 51. Bxf4 Rxf4 52. Rxc6 Rc7 53. Rxc7
Kxc7 54. Rb7+ Kd6 55. Kg3 Ra4 56. h5 Ne7 57. Rxa7 Ke6 58. Ra8 Kf5 59. h6 gxh6
60. gxh6 Kg6 61. a7 Nf5+ 62. Kf3 1/2-1/2